| 000 | 01081nam a2200301 a 4500 | ||
|---|---|---|---|
| 001 | 015822254 | ||
| 003 | Uk | ||
| 005 | 20180121150428.0 | ||
| 008 | 110527s2012 maua b 001 0 eng d | ||
| 020 | _a9780273751502 | ||
| 020 | _a0273751506 | ||
| 020 | _a9780273751502 (pbk.) : | ||
| 020 | _a0273751506 (pbk.) : | ||
| 082 | 0 | 4 |
_a005.43 _222 _bSTA |
| 100 | 1 |
_aStallings, William. _933885 |
|
| 245 | 1 | 0 |
_aOperating systems : _binternals and design principles / _cWilliam Stallings ; international edition contributions by Goutam Kumar Paul. |
| 250 | _a7th ed., International ed. | ||
| 260 |
_aBoston, [Mass.] ; _aLondon : _bPearson, _cc2012. |
||
| 300 |
_a788 p. : _bill. ; _c23 cm. + _e1 Internet access card. |
||
| 500 | _aPrevious ed.: Upper Saddle River, N.J.: Pearson Prentice Hall, 2009. | ||
| 500 | _aText on inside back cover. | ||
| 504 | _aIncludes bibliographical references and index. | ||
| 650 | 7 |
_aOperating systems (Computers) _933886 _2BUEsh |
|
| 651 | _2BUEsh | ||
| 653 |
_cSeptember2013 _cJanuary2018 |
||
| 700 | 1 |
_aPaul, Goutam. _933887 |
|
| 942 |
_2ddc _cBB |
||
| 999 |
_c17590 _d17562 |
||